Loading...
Literature - British Literature | 0 | 9 | 1 | 0 | 85 | 79 | 104.00 | 1 | 3 |
Literature - World Literature | 0 | 9 | 1 | 1 | 85 | 23 | 99.56 | 2 | 4 |
Literature - European Literature | 0 | 7 | 0 | 1 | 70 | 61 | 110.71 | 3 | 5 |
Fine Arts - Painting & Sculpture | 0 | 6 | 0 | 1 | 60 | 49 | 103.17 | 0 | 2 |
Philosophy | 0 | 6 | 2 | 1 | 50 | 67 | 102.33 | 0 | 1 |
Literature - American Literature | 0 | 6 | 2 | 0 | 50 | 77 | 93.83 | 0 | 3 |
Social Science | 0 | 5 | 1 | 2 | 45 | 80 | 106.40 | 1 | 2 |
Science - Physics | 0 | 4 | 0 | 1 | 40 | 82 | 102.50 | 1 | 2 |
Fine Arts - Other Fine Arts | 0 | 3 | 0 | 0 | 30 | 26 | 52.67 | 2 | 3 |
Science - Other Science | 0 | 3 | 1 | 0 | 25 | 61 | 67.00 | 1 | 1 |
Science - Biology | 0 | 2 | 0 | 0 | 20 | 94 | 103.00 | 0 | 0 |
History - American History | 0 | 2 | 0 | 0 | 20 | 84 | 91.00 | 1 | 1 |
Other Academic | 0 | 1 | 0 | 0 | 10 | 105 | 105.00 | 0 | 0 |
Mythology | 0 | 1 | 0 | 0 | 10 | 160 | 160.00 | 0 | 0 |
Science - Chemistry | 0 | 0 | 1 | 0 | -5 | 0.00 | 0 | 0 |